000 00325nam a2200133Ia 4500
008 191201s2007 xx 000 0 und d
082 _a005.133
_bTOC
100 _aTONPO, Clovisl
245 0 _aC++ Primer Answer Book
260 _aN.Delhi
_bPearson Education
_c2007
300 _a594
650 _aB.Tech(IT)
942 _2ddc
_cBK
999 _c3034
_d3034